000 00443nmm a2200169Ia 4500
008 251105s9999||||xx |||||||||||||||||und||
020 _a9788498163339
041 _aspa
100 _aValera, Juan
245 0 _aPepita Jiménez
264 _a[Madrid, España] :
_bLinkgua,
_c2011
300 _a148 páginas
490 _aNarrativa
650 _aSpanish narrative
856 _uhttps://public.digitaliapublishing.com/a/16387
942 _cCF
999 _c91075
_d91075